[Event "OLOMOUC 2006 - IM-A (CZE)"]
[Site "?"]
[Date "2006.08.06"]
[Round "6.3"]
[White "Kanovsky, David"]
[Black "Cifka, Stanislav"]
[Result "1/2-1/2"]
[WhiteElo "2368"]
[BlackElo "2342"]
[PlyCount "90"]
[EventDate "2006.08.02"]

1. e4 e6 2. Qe2 c5 3. Nf3 Nc6 4. g3 Be7 5. Bg2 d5 6. d3 Nf6 7. O-O O-O 8. e5
Nd7 9. c4 Nb6 10. Na3 Bd7 11. Bf4 Nb4 12. Nc2 Nxc2 13. Qxc2 Bc6 14. h4 h6 15.
Qe2 Qc7 16. Rac1 Rfd8 17. h5 Rd7 18. b3 Rad8 19. Rfd1 Nc8 20. Kh2 a6 21. Qc2
dxc4 22. dxc4 b5 23. Rxd7 Rxd7 24. cxb5 axb5 25. Be3 Qb7 26. Ne1 Bxg2 27. Nxg2
Rc7 28. a4 bxa4 29. bxa4 Nb6 30. a5 Nd5 31. Qa4 Nxe3 32. Nxe3 Qb2 33. Rc2 Qxe5
34. a6 Ra7 35. Rd2 Qxh5+ 36. Kg2 c4 37. Rd7 Bc5 38. Rxa7 Bxa7 39. Qxc4 Qa5 40.
Qc8+ Kh7 41. Qb7 Bc5 42. Qe4+ g6 43. Qb7 Kg8 44. Qb8+ Kh7 45. Qb7 Kg8 1/2-1/2

[Event "OLOMOUC 2006 - IM-A (CZE)"]
[Site "?"]
[Date "2006.08.06"]
[Round "6.5"]
[White "Garrido Dominguez, Jesus"]
[Black "Kersten, Uwe"]
[Result "1-0"]
[WhiteElo "2341"]
[BlackElo "2329"]
[PlyCount "67"]
[EventDate "2006.08.02"]

1. e4 c5 2. Nf3 d6 3. d4 cxd4 4. Nxd4 Nf6 5. Nc3 a6 6. Bg5 e6 7. f4 Qb6 8. Qd2
Qxb2 9. Rb1 Qa3 10. f5 Nc6 11. fxe6 fxe6 12. Bc4 Nxd4 13. Qxd4 Be7 14. O-O d5
15. Kh1 dxc4 16. e5 Qc5 17. Qxc5 Bxc5 18. exf6 gxf6 19. Bxf6 Rf8 20. a4 b5 21.
axb5 axb5 22. Nxb5 Ra5 23. Rf4 Rf7 24. Rxc4 Rxb5 25. Rxb5 Rxf6 26. g4 Rf1+ 27.
Kg2 Rg1+ 28. Kh3 Ba6 29. Rb8+ Kf7 30. Rxc5 Be2 31. Rb4 h6 32. Rf4+ Kg6 33. Re4
Bf1+ 34. Kh4 1-0

[Event "OLOMOUC 2006 - IM-A (CZE)"]
[Site "?"]
[Date "2006.08.06"]
[Round "6.6"]
[White "Chytilek, Roman"]
[Black "Skjoldborg, Jesper"]
[Result "1/2-1/2"]
[WhiteElo "2392"]
[BlackElo "2290"]
[PlyCount "65"]
[EventDate "2006.08.02"]

1. Nf3 d5 2. d4 Nf6 3. c4 c6 4. Nc3 a6 5. e3 b5 6. c5 g6 7. Ne5 Nfd7 8. f4 f6
9. Nf3 f5 10. Qb3 a5 11. a4 b4 12. Nxd5 Nxc5 13. dxc5 cxd5 14. Bb5+ Kf7 15.
Ne5+ Kg8 16. O-O Bg7 17. Nc6 Nxc6 18. Bxc6 Ra6 19. Bxd5+ e6 20. Bf3 h6 21. Rd1
Qc7 22. Qc4 Kh7 23. e4 Bb7 24. Rb1 fxe4 25. Bxe4 Bxe4 26. Qxe4 Qxc5+ 27. Be3
Qc6 28. Qxc6 Rxc6 29. Rd7 Rhc8 30. Rbd1 R8c7 31. b3 Rxd7 32. Rxd7 Kg8 33. Rd3
1/2-1/2

[Event "OLOMOUC 2006 - IM-A (CZE)"]
[Site "?"]
[Date "2006.08.06"]
[Round "7.1"]
[White "Skjoldborg, Jesper"]
[Black "Gavrilov, Alexei"]
[Result "0-1"]
[WhiteElo "2290"]
[BlackElo "2451"]
[PlyCount "74"]
[EventDate "2006.08.02"]

1. e4 e6 2. Nf3 d5 3. Nc3 Nf6 4. e5 Nfd7 5. d4 c5 6. Bg5 Qb6 7. dxc5 Bxc5 8.
Qd2 Nc6 9. O-O-O Bxf2 10. Na4 Qb4 11. Qxf2 Qxa4 12. a3 O-O 13. Qg3 Kh8 14. Be3
f6 15. exf6 Nxf6 16. Nd4 Bd7 17. Nxc6 Bxc6 18. Rd4 Qa5 19. Bd2 Qb6 20. Rh4 Bb5
21. Rb4 Ne4 22. Qe1 a6 23. Bd3 Nxd2 24. Bxb5 a5 25. Rh4 Qxb5 26. Qxd2 Rf1+ 27.
Rxf1 Qxf1+ 28. Qd1 Qxg2 29. Kb1 Rf8 30. Ka2 h6 31. Qd4 Rf6 32. Qa4 Kh7 33. Rg4
Qe2 34. Rg3 b6 35. Qd4 Qxc2 36. Qxb6 a4 37. Rc3 Qd1 0-1

[Event "OLOMOUC 2006 - IM-A (CZE)"]
[Site "?"]
[Date "2006.08.06"]
[Round "7.2"]
[White "Kersten, Uwe"]
[Black "Chytilek, Roman"]
[Result "1/2-1/2"]
[WhiteElo "2329"]
[BlackElo "2392"]
[PlyCount "62"]
[EventDate "2006.08.02"]

1. e4 e6 2. d4 d5 3. Nd2 Nf6 4. e5 Nfd7 5. Bd3 c5 6. c3 Nc6 7. Ngf3 Qb6 8. O-O
g6 9. dxc5 Nxc5 10. Nb3 Nxd3 11. Qxd3 Bg7 12. Bf4 a6 13. Rfe1 Bd7 14. Rad1 Qc7
15. Qe3 Ne7 16. Nbd4 h6 17. Nd2 O-O-O 18. Bg3 g5 19. c4 Kb8 20. Qf3 Nc6 21.
Qxf7 Nxd4 22. Qxg7 Nf5 23. Qg6 h5 24. cxd5 h4 25. dxe6 hxg3 26. exd7 gxf2+ 27.
Kxf2 Qc5+ 28. Kf1 Qb5+ 29. Kg1 Qc5+ 30. Kf1 Qb5+ 31. Kg1 Qc5+ 1/2-1/2

[Event "OLOMOUC 2006 - IM-A (CZE)"]
[Site "?"]
[Date "2006.08.06"]
[Round "7.3"]
[White "Swicarz, Maciej"]
[Black "Garrido Dominguez, Jesus"]
[Result "1-0"]
[WhiteElo "2268"]
[BlackElo "2341"]
[PlyCount "95"]
[EventDate "2006.08.02"]

1. e4 e5 2. Nf3 Nc6 3. Bb5 Nf6 4. O-O Nxe4 5. d4 Nd6 6. Bxc6 dxc6 7. dxe5 Nf5
8. Qxd8+ Kxd8 9. Nc3 Ne7 10. h3 h6 11. Rd1+ Ke8 12. b3 Ng6 13. Bb2 Be7 14. Ne2
c5 15. c4 b6 16. Nc3 Nf4 17. Nd5 Ne6 18. Nd2 Bb7 19. g3 Bd8 20. f4 a5 21. f5
Nd4 22. Bxd4 cxd4 23. Ne4 a4 24. b4 Bc8 25. g4 c6 26. Nf4 Bc7 27. Nd6+ Bxd6 28.
exd6 c5 29. Nd3 cxb4 30. Re1+ Kd8 31. Re7 Re8 32. Rxf7 b3 33. Nb4 Re2 34. Rxg7
b2 35. Rf1 Bd7 36. f6 Be8 37. d7 Bxd7 38. Rg8+ Re8 39. f7 Kc7 40. Rxe8 Rxe8 41.
fxe8=Q Bxe8 42. Rb1 a3 43. Nc2 Bg6 44. Nxa3 Bxb1 45. Nxb1 Kd6 46. h4 Ke5 47.
Kf2 Kf4 48. g5 1-0

[Event "OLOMOUC 2006 - IM-A (CZE)"]
[Site "?"]
[Date "2006.08.06"]
[Round "7.5"]
[White "Kotan, Ladislav"]
[Black "Kanovsky, David"]
[Result "0-1"]
[WhiteElo "2289"]
[BlackElo "2368"]
[PlyCount "80"]
[EventDate "2006.08.02"]

1. e4 c5 2. Nf3 e6 3. c3 d5 4. exd5 exd5 5. d4 Nc6 6. Bb5 Bd6 7. O-O Nge7 8.
Nbd2 O-O 9. dxc5 Bxc5 10. Nb3 Bb6 11. Nbd4 Qd6 12. Re1 Ng6 13. Be3 Bc7 14. Bf1
a6 15. Nxc6 bxc6 16. g3 a5 17. Nd4 Rb8 18. Nb3 Rd8 19. Bg5 f6 20. Be3 Qf8 21.
Bc5 Bd6 22. Bxd6 Qxd6 23. Nxa5 c5 24. a3 Ba6 25. Bxa6 Qxa6 26. b4 d4 27. Qb3+
Kh8 28. cxd4 Qxa5 29. dxc5 Qxc5 30. Rac1 Qa7 31. Re3 Ne5 32. h3 h6 33. Rec3 Qd7
34. g4 Qd4 35. Rc7 Nd3 36. R1c2 Qa1+ 37. Kh2 Qe5+ 38. Kg1 Qe1+ 39. Kg2 Nf4+ 40.
Kh2 Ne2 0-1

[Event "OLOMOUC 2006 - IM-A (CZE)"]
[Site "?"]
[Date "2006.08.06"]
[Round "7.6"]
[White "Ptacnikova, Lenka"]
[Black "Klecker, Tadeas"]
[Result "1-0"]
[WhiteElo "2193"]
[BlackElo "1955"]
[PlyCount "73"]
[EventDate "2006.08.02"]

1. c4 Nf6 2. g3 g6 3. Bg2 Bg7 4. Nc3 O-O 5. d3 c5 6. Nh3 Nc6 7. Nf4 d6 8. O-O
Bd7 9. a3 Rb8 10. Rb1 a6 11. Bd2 b5 12. cxb5 axb5 13. b4 Ne5 14. bxc5 dxc5 15.
Be3 Qc8 16. Nfd5 Nxd5 17. Nxd5 Re8 18. Rc1 c4 19. dxc4 Nxc4 20. Nb6 Nxe3 21.
Rxc8 Bxc8 22. fxe3 Rxb6 23. Qb3 Be6 24. Bd5 Bxd5 25. Qxd5 e6 26. Qd7 Rf8 27.
Rxf7 Rxf7 28. Qd8+ Bf8 29. Qxb6 Bxa3 30. Qxe6 b4 31. Qc4 Kg7 32. e4 Rb7 33. Qd5
Re7 34. Qd4+ Kf7 35. Kg2 Ke8 36. e5 b3 37. Qa4+ 1-0

[Event "OLOMOUC 2006 - IM-A (CZE)"]
[Site "?"]
[Date "2006.08.07"]
[Round "8.1"]
[White "Gavrilov, Alexei"]
[Black "Klecker, Tadeas"]
[Result "1-0"]
[WhiteElo "2451"]
[BlackElo "1955"]
[PlyCount "65"]
[EventDate "2006.08.02"]

1. d4 c6 2. e4 d5 3. exd5 cxd5 4. c4 Nf6 5. Nc3 Nc6 6. Bg5 Ne4 7. Nxe4 dxe4 8.
d5 Ne5 9. Qd4 Nd3+ 10. Bxd3 exd3 11. Qxd3 h6 12. Bd2 e6 13. Ne2 exd5 14. cxd5
Bd6 15. O-O O-O 16. Bf4 Bg4 17. Bxd6 Qxd6 18. Nc3 Rad8 19. Rae1 f5 20. Qd4 Qg6
21. Kh1 f4 22. f3 Bc8 23. Qxa7 Rf5 24. Qd4 Rg5 25. Re2 Rf8 26. d6 Rh5 27. d7
Qg3 28. Qd5+ Rxd5 29. dxc8=Q Rh5 30. Qe6+ Kh7 31. h3 Rhf5 32. Kg1 Rg5 33. Ne4
1-0

[Event "OLOMOUC 2006 - IM-A (CZE)"]
[Site "?"]
[Date "2006.08.07"]
[Round "8.4"]
[White "Garrido Dominguez, Jesus"]
[Black "Cifka, Stanislav"]
[Result "1-0"]
[WhiteElo "2341"]
[BlackElo "2342"]
[PlyCount "127"]
[EventDate "2006.08.02"]

1. e4 e6 2. d4 d5 3. Nd2 Nf6 4. e5 Nfd7 5. Bd3 c5 6. c3 Nc6 7. Ne2 cxd4 8. cxd4
f6 9. exf6 Nxf6 10. Nf3 Bd6 11. O-O Qc7 12. g3 O-O 13. Bf4 Bd7 14. Rc1 Bxf4 15.
Nxf4 Rfe8 16. Re1 Re7 17. Bb1 Qd6 18. Ne5 Be8 19. a3 Nd7 20. Nxd7 Bxd7 21. Ng2
e5 22. dxe5 Rxe5 23. Ba2 Rxe1+ 24. Nxe1 Be6 25. Nd3 d4 26. Bxe6+ Qxe6 27. Qe1
Re8 28. Qxe6+ Rxe6 29. Kf1 Kf7 30. b4 Re7 31. Rc4 Re4 32. Nc5 Re5 33. Nxb7 d3
34. Rc1 Rd5 35. Nc5 Ne5 36. Rd1 d2 37. Ke2 Nc4 38. Ne4 Re5 39. f3 Ke6 40. a4 g5
41. h3 a6 42. Rb1 h5 43. g4 hxg4 44. hxg4 Nd6 45. Ke3 Nc4+ 46. Kf2 Kd7 47. Nxd2
Nb6 48. Ne4 Nxa4 49. Ra1 Nb2 50. Rxa6 Nd3+ 51. Kg3 Ke7 52. Ra5 Re6 53. Rxg5
Nxb4 54. Rb5 Nc2 55. Rb7+ Kf8 56. g5 Ra6 57. f4 Ne3 58. Rb3 Nf1+ 59. Kg4 Nh2+
60. Kf5 Ra5+ 61. Kg6 Ra4 62. Nf6 Ra7 63. Rb8+ Ke7 64. Rh8 1-0

[Event "OLOMOUC 2006 - IM-A (CZE)"]
[Site "?"]
[Date "2006.08.07"]
[Round "8.5"]
[White "Chytilek, Roman"]
[Black "Swicarz, Maciej"]
[Result "1/2-1/2"]
[WhiteElo "2392"]
[BlackElo "2268"]
[PlyCount "39"]
[EventDate "2006.08.02"]

1. Nf3 e6 2. d4 d5 3. g3 c5 4. c4 dxc4 5. Qa4+ Nc6 6. dxc5 Bxc5 7. Bg2 Qa5+ 8.
Qxa5 Nxa5 9. Bd2 Nc6 10. Na3 Bxa3 11. bxa3 e5 12. Rc1 f6 13. Bb4 Nxb4 14. axb4
Be6 15. Nd2 O-O-O 16. Nxc4 Kb8 17. Na5 Rd7 18. Rd1 Rxd1+ 19. Kxd1 Bc8 20. Kc2
1/2-1/2

[Event "OLOMOUC 2006 - IM-A (CZE)"]
[Site "?"]
[Date "2006.08.08"]
[Round "9.1"]
[White "Kersten, Uwe"]
[Black "Gavrilov, Alexei"]
[Result "0-1"]
[WhiteElo "2329"]
[BlackElo "2451"]
[PlyCount "80"]
[EventDate "2006.08.02"]

1. d4 Nf6 2. c4 e6 3. g3 d5 4. Nf3 dxc4 5. Bg2 Nc6 6. O-O Rb8 7. a4 Be7 8. Nbd2
Nxd4 9. Nxc4 Nxf3+ 10. Bxf3 Qxd1 11. Rxd1 Nd5 12. e4 Nb4 13. Bf4 Na6 14. Na3 f6
15. e5 fxe5 16. Bh5+ g6 17. Bxe5 Rf8 18. Bg4 Bf6 19. Bxf6 Rxf6 20. Nb5 Bd7 21.
Rac1 c6 22. Nd6+ Ke7 23. Ne4 Rff8 24. Ng5 h6 25. Nf3 Nc7 26. Ne5 Be8 27. Re1
Rd8 28. Kg2 g5 29. Bf3 Rd2 30. b3 Nd5 31. Nc4 Ra2 32. Re2 Rxe2 33. Bxe2 b6 34.
a5 c5 35. axb6 axb6 36. Ra1 Bc6 37. Ra7+ Kf6 38. Bf3 Ra8 39. Rh7 g4 40. Be4
Nf4+ 0-1

[Event "OLOMOUC 2006 - IM-A (CZE)"]
[Site "?"]
[Date "2006.08.08"]
[Round "9.2"]
[White "Swicarz, Maciej"]
[Black "Skjoldborg, Jesper"]
[Result "1/2-1/2"]
[WhiteElo "2268"]
[BlackElo "2290"]
[PlyCount "91"]
[EventDate "2006.08.02"]

1. e4 e5 2. Nf3 Nc6 3. c3 Nf6 4. d4 exd4 5. e5 Nd5 6. cxd4 d6 7. Bb5 Be7 8. h3
O-O 9. O-O Bd7 10. Re1 a6 11. Ba4 b5 12. Bb3 Be6 13. a3 dxe5 14. dxe5 Na5 15.
Bc2 Nb6 16. Nbd2 c5 17. Qe2 Rc8 18. Nh2 Qd7 19. Ng4 Nac4 20. Nf1 Bf5 21. Ng3
Bxc2 22. Qxc2 f5 23. exf6 Bxf6 24. Nxf6+ Rxf6 25. b3 Nd6 26. Bb2 Re6 27. Rxe6
Qxe6 28. Qc3 Ne8 29. Re1 Qf7 30. Nf5 Kf8 31. Rxe8+ Rxe8 32. Qxc5+ Kg8 33. Bxg7
Nd7 34. Qc2 Qd5 35. Bb2 Qe4 36. Nh6+ Kf8 37. Qc7 Qb1+ 38. Kh2 Qxb2 39. Qxd7
Qxf2 40. Qd6+ Re7 41. b4 Ke8 42. Qb8+ Kd7 43. Qb7+ Kd8 44. Qb8+ Kd7 45. Qb7+
Kd8 46. Qb8+ 1/2-1/2

[Event "OLOMOUC 2006 - IM-A (CZE)"]
[Site "?"]
[Date "2006.08.08"]
[Round "9.3"]
[White "Cifka, Stanislav"]
[Black "Chytilek, Roman"]
[Result "0-1"]
[WhiteElo "2342"]
[BlackElo "2392"]
[PlyCount "55"]
[EventDate "2006.08.02"]

1. d4 Nf6 2. c4 g6 3. Nc3 Bg7 4. e4 d6 5. Be2 O-O 6. Nf3 Bg4 7. Be3 Nfd7 8. h3
Bxf3 9. Bxf3 Nc6 10. d5 Na5 11. Be2 Nb6 12. Bd4 Bxd4 13. Qxd4 e5 14. Qd1 c5 15.
b3 Nd7 16. Qd2 b6 17. h4 f5 18. h5 f4 19. hxg6 hxg6 20. Bg4 Kg7 21. g3 Nf6 22.
Be6 Nh7 23. gxf4 exf4 24. Qb2 Qf6 25. O-O-O Ng5 26. Rhg1 Nf3 27. Rg2 Ne5 28.
Rdg1 0-1

[Event "OLOMOUC 2006 - IM-A (CZE)"]
[Site "?"]
[Date "2006.08.08"]
[Round "9.4"]
[White "Kotan, Ladislav"]
[Black "Garrido Dominguez, Jesus"]
[Result "1-0"]
[WhiteElo "2289"]
[BlackElo "2341"]
[PlyCount "73"]
[EventDate "2006.08.02"]

1. e4 e5 2. Nf3 Nc6 3. Bc4 Bc5 4. d3 Nf6 5. O-O O-O 6. Bb3 d6 7. c3 Bb6 8. Nbd2
Kh8 9. Nc4 Qe8 10. a4 Be6 11. Ng5 Bc5 12. Be3 Bxe3 13. Nxe3 Bxb3 14. Qxb3 Rb8
15. f4 h6 16. Nh3 Qe6 17. Nd5 Na5 18. Qa2 Ne8 19. f5 Qd7 20. f6 Rg8 21. b4 Nc6
22. Qd2 g5 23. Rf5 Nd8 24. Ne7 Nxf6 25. Nxg8 Nxg8 26. Raf1 f6 27. Nf2 Ne6 28.
Ng4 Kg7 29. Nxf6 Nxf6 30. Rxf6 Rf8 31. Rxf8 Nxf8 32. Qf2 Qe7 33. Qd2 b6 34. a5
bxa5 35. bxa5 Ne6 36. Qe3 Nc5 37. Ra1 1-0

[Event "OLOMOUC 2006 - IM-A (CZE)"]
[Site "?"]
[Date "2006.08.08"]
[Round "9.6"]
[White "Klecker, Tadeas"]
[Black "Kanovsky, David"]
[Result "0-1"]
[WhiteElo "1955"]
[BlackElo "2368"]
[PlyCount "92"]
[EventDate "2006.08.02"]

1. d4 Nf6 2. Nf3 c5 3. d5 e6 4. c4 exd5 5. cxd5 d6 6. Nc3 g6 7. e4 Bg7 8. Bd3
O-O 9. O-O Bg4 10. h3 Bxf3 11. Qxf3 Nbd7 12. Qe2 a6 13. a4 Ne8 14. Re1 Qe7 15.
Bf4 Rb8 16. a5 Nc7 17. Bh2 Rfe8 18. f4 Qh4 19. Qg4 Qxg4 20. hxg4 b5 21. axb6
Rxb6 22. Ra2 Nf6 23. g5 Nfxd5 24. Nxd5 Nxd5 25. Rxa6 Rxa6 26. Bxa6 Bxb2 27. Bb5
Re7 28. f5 gxf5 29. Bxd6 Bd4+ 30. Kh1 Rxe4 31. Rxe4 fxe4 32. g4 Ne3 33. Bc6
Nxg4 34. Kg2 Ne3+ 35. Kh3 Nc4 36. Bg3 e3 37. Kg4 Nd2 38. Ba4 c4 39. Bc2 c3 40.
Kf4 e2 41. Be1 Nc4 42. Ke4 Na3 43. Kd3 Nxc2 44. Kxc2 Kg7 45. Kd3 Kg6 46. Kxe2
c2 0-1

[Event "OLOMOUC 2006 - IM-A (CZE)"]
[Site "?"]
[Date "2006.08.09"]
[Round "10.1"]
[White "Gavrilov, Alexei"]
[Black "Kanovsky, David"]
[Result "1/2-1/2"]
[WhiteElo "2451"]
[BlackElo "2368"]
[PlyCount "64"]
[EventDate "2006.08.02"]

1. d4 Nf6 2. c4 c5 3. d5 e6 4. Nc3 exd5 5. cxd5 d6 6. Nf3 g6 7. Qa4+ Nbd7 8.
Bf4 a6 9. e4 Rb8 10. Be2 b5 11. Qc2 Qe7 12. Nd2 Bg7 13. O-O O-O 14. a4 b4 15.
Nd1 Re8 16. Bf3 Ne5 17. Bxe5 Qxe5 18. Ne3 b3 19. Qd3 Nd7 20. Nec4 Qf4 21. g3
Ne5 22. Nxe5 Qxe5 23. Nc4 Qf6 24. Ra3 Bd7 25. Bd1 Qd4 26. Qxd4 Bxd4 27. Nxd6
Red8 28. Nc4 Rb4 29. Bxb3 Rdb8 30. Ba2 Bxa4 31. Rc1 Bb5 32. Rc2 Kf8 1/2-1/2

[Event "OLOMOUC 2006 - IM-A (CZE)"]
[Site "?"]
[Date "2006.08.09"]
[Round "10.3"]
[White "Garrido Dominguez, Jesus"]
[Black "Ptacnikova, Lenka"]
[Result "1/2-1/2"]
[WhiteElo "2341"]
[BlackElo "2193"]
[PlyCount "101"]
[EventDate "2006.08.02"]

1. e4 d5 2. exd5 Qxd5 3. Nf3 Nf6 4. d4 Bg4 5. Be2 e6 6. c4 Qd6 7. Nc3 c6 8. Qb3
Qb4 9. O-O Nbd7 10. Be3 Be7 11. Qc2 O-O 12. a3 Qa5 13. Qd2 Qc7 14. Rac1 Rfd8
15. Rfd1 Bxf3 16. Bxf3 Ne5 17. Be2 Neg4 18. Bf4 Bd6 19. Bxd6 Qxd6 20. g3 e5 21.
Bxg4 Nxg4 22. Qg5 Qg6 23. Qxg6 hxg6 24. d5 cxd5 25. Nxd5 Nf6 26. Ne3 Kf8 27. c5
Ne4 28. b4 Nd2 29. Kg2 Nb3 30. Rxd8+ Rxd8 31. Rc3 Nd4 32. Nc4 f6 33. Nd6 Rd7
34. f4 exf4 35. gxf4 Nf5 36. Nxf5 gxf5 37. b5 Ke7 38. b6 axb6 39. cxb6 Rd6 40.
Rc7+ Rd7 41. Rc4 Rd6 42. Rb4 Rd2+ 43. Kg1 Kd6 44. a4 Kc5 45. Rb5+ Kc6 46. Rb3
Ra2 47. Rb4 Kc5 48. Rb5+ Kc6 49. Rb4 Kc5 50. Rb5+ Kc6 51. Rb4 1/2-1/2

[Event "OLOMOUC 2006 - IM-A (CZE)"]
[Site "?"]
[Date "2006.08.09"]
[Round "10.4"]
[White "Chytilek, Roman"]
[Black "Kotan, Ladislav"]
[Result "1/2-1/2"]
[WhiteElo "2392"]
[BlackElo "2289"]
[PlyCount "46"]
[EventDate "2006.08.02"]

1. d4 d5 2. c4 e6 3. Nc3 Be7 4. cxd5 exd5 5. Bf4 c6 6. e3 Bf5 7. Nge2 Nf6 8.
Ng3 Bg6 9. h4 h5 10. Bd3 Bxd3 11. Qxd3 g6 12. O-O-O Nbd7 13. f3 O-O 14. e4 dxe4
15. Ngxe4 Nxe4 16. fxe4 Nf6 17. Qf3 Ng4 18. Kb1 Bb4 19. g3 Bxc3 20. bxc3 Re8
21. Rhe1 Qa5 22. Bg5 Qb5+ 23. Ka1 Qc4 1/2-1/2

[Event "OLOMOUC 2006 - IM-A (CZE)"]
[Site "?"]
[Date "2006.08.09"]
[Round "10.5"]
[White "Skjoldborg, Jesper"]
[Black "Cifka, Stanislav"]
[Result "1/2-1/2"]
[WhiteElo "2290"]
[BlackElo "2342"]
[PlyCount "77"]
[EventDate "2006.08.02"]

1. e4 e5 2. Bc4 Nc6 3. Nf3 Nf6 4. d4 exd4 5. O-O Bc5 6. e5 d5 7. exf6 dxc4 8.
fxg7 Rg8 9. Bg5 f6 10. Re1+ Kf7 11. Bh6 Bf5 12. Nh4 Bg6 13. Nxg6 Kxg6 14. Bf4
Kxg7 15. Qh5 Bd6 16. Bh6+ Kh8 17. Nd2 Ne5 18. Re4 Rg6 19. Rxd4 Qg8 20. g3 Bc5
21. Re4 Qd5 22. Re2 Qf7 23. Qh3 Ng4 24. Bf4 Re8 25. Qf1 Rxe2 26. Qxe2 Nxf2 27.
Be3 Nh3+ 28. Kg2 Qd5+ 29. Kxh3 Qe6+ 30. Kg2 Bxe3 31. Re1 Qc6+ 32. Nf3 Bc5 33.
Qxc4 Bd6 34. Qf7 Be5 35. c3 Rg7 36. Qh5 Rg5 37. Qh6 Rg6 38. Qh5 Rg5 39. Qxg5
1/2-1/2

[Event "OLOMOUC 2006 - IM-A (CZE)"]
[Site "?"]
[Date "2006.08.09"]
[Round "10.6"]
[White "Kersten, Uwe"]
[Black "Swicarz, Maciej"]
[Result "0-1"]
[WhiteElo "2329"]
[BlackElo "2268"]
[PlyCount "50"]
[EventDate "2006.08.02"]

1. e4 c6 2. d4 d5 3. Nc3 a6 4. Bg5 h6 5. Bh4 dxe4 6. Nxe4 Bf5 7. Qf3 Bg6 8. Ne2
Qa5+ 9. N2c3 Bxe4 10. Qxe4 e6 11. Bc4 Nd7 12. Bxe6 g5 13. Bg3 fxe6 14. Qxe6+
Ne7 15. d5 cxd5 16. O-O-O Qb6 17. Bd6 O-O-O 18. Rd3 Ng6 19. Nb5 Bxd6 20. Nxd6+
Kb8 21. Rb3 Qc6 22. Qxg6 Nc5 23. Rc3 Rxd6 24. Qg7 Rc8 25. Qh7 d4 0-1

[Event "OLOMOUC 2006 - IM-A (CZE)"]
[Site "?"]
[Date "2006.08.10"]
[Round "11.1"]
[White "Swicarz, Maciej"]
[Black "Gavrilov, Alexei"]
[Result "0-1"]
[WhiteElo "2268"]
[BlackElo "2451"]
[PlyCount "114"]
[EventDate "2006.08.02"]

1. e4 e5 2. Nf3 Nc6 3. Nc3 Nf6 4. d4 exd4 5. Nxd4 Bb4 6. Nxc6 bxc6 7. Bd3 d5 8.
exd5 cxd5 9. O-O O-O 10. Bg5 c6 11. Qf3 Bd6 12. Bxf6 Qxf6 13. Qxf6 gxf6 14. Ne2
Re8 15. Rad1 Rb8 16. b3 Bg4 17. f3 Bc5+ 18. Kh1 Bd7 19. Ng3 Bb4 20. c4 Be6 21.
cxd5 cxd5 22. Bb1 Bc3 23. Rd3 Rbc8 24. f4 Rc5 25. Nh5 Kf8 26. b4 Rc6 27. Bc2
Rc7 28. f5 Bc8 29. Rxd5 Bb7 30. Bb3 Bxd5 31. Bxd5 Rce7 32. h3 Re1 33. Rxe1
Rxe1+ 34. Kh2 Ke7 35. b5 Re5 36. Bc4 Rxf5 37. g4 Rf2+ 38. Kg3 Be1 39. Bb3 Rxa2+
40. Kf4 Rb2 41. Bd5 Rxb5 42. Be4 h6 43. Ng7 Bd2+ 44. Kf3 Kd6 45. Nf5+ Ke5 46.
Bd3 Rb3 47. Ke2 Bc1 48. Ne7 Ra3 49. Bf5 a5 50. h4 a4 51. Kd1 Be3 52. Kc2 Bc5
53. Ng8 Bf8 54. Kb2 Rf3 55. Bd7 a3+ 56. Ka2 Rf2+ 57. Ka1 Bc5 0-1

[Event "OLOMOUC 2006 - IM-A (CZE)"]
[Site "?"]
[Date "2006.08.10"]
[Round "11.2"]
[White "Cifka, Stanislav"]
[Black "Kersten, Uwe"]
[Result "1-0"]
[WhiteElo "2342"]
[BlackElo "2329"]
[PlyCount "69"]
[EventDate "2006.08.02"]

1. d4 e6 2. c4 Nf6 3. Nc3 c5 4. d5 exd5 5. cxd5 d6 6. Nf3 g6 7. Nd2 Nbd7 8. e4
Bg7 9. Be2 O-O 10. O-O a6 11. a4 Rb8 12. Nc4 Nb6 13. Na3 Bd7 14. Bf4 Ne8 15. a5
Nc8 16. Nc4 Bb5 17. Qd2 Bxc4 18. Bxc4 Nc7 19. Bh6 Bxh6 20. Qxh6 b5 21. axb6
Nxb6 22. Bxa6 Nxa6 23. Rxa6 Nc4 24. e5 Nxe5 25. Ne4 f6 26. Rxd6 Qe7 27. Re6 Qg7
28. Qf4 Nd7 29. Qd6 Rb6 30. Qe7 Rxb2 31. Nxc5 Nxc5 32. Qxc5 Qd7 33. Re7 Rc2 34.
Qe3 Qd6 35. Qa7 1-0

[Event "OLOMOUC 2006 - IM-A (CZE)"]
[Site "?"]
[Date "2006.08.10"]
[Round "11.4"]
[White "Ptacnikova, Lenka"]
[Black "Chytilek, Roman"]
[Result "1/2-1/2"]
[WhiteElo "2193"]
[BlackElo "2392"]
[PlyCount "98"]
[EventDate "2006.08.02"]

1. c4 g6 2. g3 Bg7 3. Bg2 c5 4. Nc3 Nc6 5. a3 e6 6. b4 Nxb4 7. axb4 cxb4 8. d4
bxc3 9. Nf3 Ne7 10. Ba3 d5 11. cxd5 exd5 12. Qb3 O-O 13. O-O Re8 14. Qxc3 Nc6
15. e3 Be6 16. Rfb1 Rc8 17. Qb2 b6 18. Nd2 Rc7 19. Nb3 Qd7 20. Rc1 Rec8 21. Bf1
Ne7 22. Ba6 Rxc1+ 23. Nxc1 Rc7 24. Nd3 Bf5 25. Bb5 Qd8 26. Ne5 f6 27. Bxe7 Qxe7
28. Nc6 Qf7 29. Qa2 Be4 30. Nxa7 Rc2 31. Qa4 g5 32. Be8 Qc7 33. Nc6 g4 34. Qa7
Rxc6 35. Bxc6 Qxc6 36. Qa8+ Qxa8 37. Rxa8+ Kf7 38. Rb8 h5 39. Rxb6 Kg6 40. Rd6
h4 41. Ra6 h3 42. Ra8 Bf3 43. Rb8 Kf5 44. Re8 Kg6 45. Ra8 Bh6 46. Rh8 Bg5 47.
Ra8 Kf7 48. Ra6 Ke7 49. Rb6 Kf7 1/2-1/2

[Event "OLOMOUC 2006 - IM-A (CZE)"]
[Site "?"]
[Date "2006.08.10"]
[Round "11.5"]
[White "Klecker, Tadeas"]
[Black "Garrido Dominguez, Jesus"]
[Result "1/2-1/2"]
[WhiteElo "1955"]
[BlackElo "2341"]
[PlyCount "93"]
[EventDate "2006.08.02"]

1. d4 Nf6 2. Nf3 g6 3. g3 Bg7 4. Bg2 O-O 5. O-O c6 6. c4 d6 7. Nc3 Qa5 8. e4 e5
9. d5 cxd5 10. cxd5 b5 11. Nd2 Ne8 12. Nb3 Qa6 13. Be3 Qb7 14. Qd2 b4 15. Ne2
h5 16. Nbc1 f5 17. f3 fxe4 18. fxe4 Rxf1+ 19. Kxf1 Nf6 20. h3 Bd7 21. Kg1 Bb5
22. Nd3 Qa6 23. Rd1 Nbd7 24. Nec1 Nb6 25. b3 Rc8 26. Nf2 Nbd7 27. Ncd3 Bf8 28.
Rc1 Rxc1+ 29. Nxc1 Nc5 30. Bf3 Qb7 31. Qc2 Be7 32. Be2 Bxe2 33. Nxe2 Qb5 34.
Nc1 Kf7 35. Ncd3 Nxd3 36. Nxd3 Bd8 37. Nf2 Bb6 38. Qc8 Qd7 39. Qxd7+ Nxd7 40.
Bxb6 Nxb6 41. Nd3 Ke7 42. Kf2 Na8 43. Nb2 Nb6 44. Ke3 Kd7 45. Kd3 Kc7 46. Nc4
Nxc4 47. Kxc4 1/2-1/2

[Event "OLOMOUC 2006 - IM-B (CZE)"]
[Site "?"]
[Date "2006.08.02"]
[Round "1.2"]
[White "Camarena Gimenez, Rufino"]
[Black "Salama, Omar"]
[Result "1-0"]
[WhiteElo "2323"]
[BlackElo "2174"]
[PlyCount "69"]
[EventDate "2006.08.02"]

1. d4 Nf6 2. c4 g6 3. Nc3 Bg7 4. e4 d6 5. Be2 O-O 6. Nf3 e5 7. d5 a5 8. Bg5 Na6
9. Nd2 Qe8 10. a3 Bd7 11. b3 h6 12. Be3 Nh7 13. Qb1 f5 14. f3 Nf6 15. b4 axb4
16. axb4 fxe4 17. Ndxe4 Bf5 18. O-O Qe7 19. c5 dxc5 20. Bxa6 cxb4 21. Bc4 Kh8
22. d6 cxd6 23. Qxb4 Rac8 24. Nd5 Nxd5 25. Bxd5 Rc2 26. Rf2 Rc7 27. Bb6 Rd7 28.
Rfa2 g5 29. h3 h5 30. Be3 g4 31. hxg4 hxg4 32. fxg4 Qh4 33. gxf5 Rxf5 34. g3
Qg4 35. Rh2+ 1-0

[Event "OLOMOUC 2006 - IM-B (CZE)"]
[Site "?"]
[Date "2006.08.02"]
[Round "1.3"]
[White "Ramiro Ovejero, Juan Luis"]
[Black "Lubbe, Nicolas"]
[Result "1-0"]
[WhiteElo "2323"]
[BlackElo "2272"]
[PlyCount "67"]
[EventDate "2006.08.02"]

1. e4 d5 2. exd5 Qxd5 3. Nc3 Qa5 4. d4 Nf6 5. Nf3 Bf5 6. Ne5 c6 7. g4 Bg6 8. h4
Nbd7 9. Nc4 Qc7 10. h5 Be4 11. Nxe4 Nxe4 12. Qf3 Nd6 13. Bf4 O-O-O 14. O-O-O
Nb6 15. Nxb6+ Qxb6 16. Bxd6 exd6 17. Qxf7 d5 18. Bd3 Qc7 19. Bf5+ Kb8 20. Qxc7+
Kxc7 21. Rde1 Bd6 22. Re6 Rde8 23. Rhe1 Rxe6 24. Rxe6 Bf4+ 25. Kd1 Bg5 26. c3
Bf6 27. h6 Kb6 28. f4 Rf8 29. g5 Bxg5 30. hxg7 Rg8 31. fxg5 Rxg7 32. g6 hxg6
33. Bxg6 Kc7 34. Bd3 1-0

[Event "OLOMOUC 2006 - IM-B (CZE)"]
[Site "?"]
[Date "2006.08.02"]
[Round "1.4"]
[White "Mihailovs, Jurijs"]
[Black "Tibensky, Robert"]
[Result "0-1"]
[WhiteElo "2258"]
[BlackElo "2385"]
[PlyCount "56"]
[EventDate "2006.08.02"]

1. d4 g6 2. e4 Bg7 3. Nc3 d6 4. Be3 a6 5. Qd2 b5 6. f3 Nd7 7. a4 b4 8. Nd5 a5
9. c3 c6 10. Nf4 bxc3 11. bxc3 Ngf6 12. Bd3 O-O 13. Nge2 e5 14. Nh3 d5 15. Bg5
Qe8 16. Nf2 dxe4 17. fxe4 exd4 18. cxd4 c5 19. e5 Nd5 20. Be4 Bb7 21. O-O Ra7
22. dxc5 Qxe5 23. Rab1 Nxc5 24. Bf3 Nb4 25. Ng4 Qe6 26. Nf6+ Bxf6 27. Bxf6 Qxf6
28. Bxb7 Qb6 0-1